Name All Hello Neighbour Games - Statistics

General Stats
  • This quiz has been taken 13 times
  • The average score is 4 of 9
Answer Stats
Answer % Correct
Hello Neighbour
100%
Hello Neighbor 2
90%
Hide & Seek
70%
Secret Neighbor
50%
Hello Engineer
40%
Hello Guest
40%
Search And Rescue
20%
Diaries
10%
Hello Neighbour 3
10%
No matching quizzes found
Score Distribution
Percent of People with Each Score
Percentile by Number Answered
Your Score History
You have not taken this quiz